Giáo dục hòa nhập trẻ khuyết tật ở tiểu học Tài liệu Đào tạo giáo viên tiểu học

Uloženo v:
Podrobná bibliografie
Korporativní autor: Bộ Giáo dục và Đào tạo
Další autoři: Lê Văn Tạc (B.soạn), Bùi Thế Hợp... B.soạn
Médium: Kniha
Jazyk:Vietnamese
Vydáno: H. Giáo dục 2006
Témata:
Tagy: Přidat tag
Žádné tagy, Buďte první, kdo otaguje tento záznam!
Thư viện lưu trữ: Mạng thư viện Đại học Đà Nẵng
LEADER 01362nam a2200373 4500
001 000006586
003 2744
005 20130226140215.0
008 110914s2006 viesd
020 |c 000đ 
041 0 |a vie 
082 |a 371.9  |b Gia 
110 |a Bộ Giáo dục và Đào tạo 
245 0 |a Giáo dục hòa nhập trẻ khuyết tật ở tiểu học  |b Tài liệu Đào tạo giáo viên tiểu học  |c B.soạn : Lê Văn Tạc ; Bùi Thế Hợp... 
260 |a H.  |b Giáo dục  |c 2006 
300 |a 288 tr  |b hình vẽ, bảng  |c 29 cm 
500 |a Dự án phát triển giáo viên tiểu học 
653 |a Phương pháp dạy học 
653 |a Trẻ khuyết tật 
653 |a tiểu học 
653 |a Bồi dưỡng giáo viên 
700 |a Lê Văn Tạc  |e B.soạn 
700 |a Bùi Thế Hợp...  |a B.soạn 
910 |a Nguyễn Thị Kim Oanh  |d 14/09/20111 
OWN |a LSP 
AVA |a UDN50  |b LSP  |d 371.9 Gia  |e check_holdings  |t Error 5003 Not defined in file expand_doc_bib_avail.  |h N  |k 1 
999 |a From the UDN01 
AVA |a UDN50  |b LSP  |d 371.9 Gia  |e available  |t Error 5001 Not defined in file expand_doc_bib_avail.  |f 55  |g 12  |h N  |i 122  |k 1 
TYP |a Monograph 
TYP |a Printed language 
980 |a Mạng thư viện Đại học Đà Nẵng